000 00432nam a22001097a 4500
082 _a370
100 _aसिंह , सुशील
_959457
245 _aप्राथमिक शिक्षक पात्रता परिक्षा वाल विकास एवं शिक्षा शास्त्र
260 _aDelhi
_bArihant
_c2024
650 _aशिक्षा शस्त्र
_983036
942 _cHIN
999 _c67795
_d67795